000 01000nam a2200241 a 4500
001 BRCA_7564
005 20190320205905.0
008 070613s1947----sp-a######---#000-0#spa-#
041 _aspa
044 _asp
050 4 _aN5077.G6
_b.L34 1947
245 1 0 _aAntecedentes, coincidencias e influencias del arte de Goya
_bcatálogo ilustrado de la exposición celebrada en 1932, ahora publicado con un estudio preliminar sobre ´La situación y la estela del arte de Goya´
_cSociedad Española de Amigos del Arte ; estudio preliminar por Enrique Lafuente Ferrari.
260 _aMadrid
_bSEAA
_c1947
300 _a378 p.
_bil. a color, 38 láminas
_c33 cm.
500 _aIncluye índice de ilustraciones
500 _aS45
600 1 4 _aGoya y Lucientes, Francisco José de
_d1746-1828
_911075
650 1 4 _aPinturas españolas
_vExposiciones
_918661
700 1 _aLafuente Ferrari, Enrique
_92561
710 2 _aSociedad Española de Amigos del Arte (Madrid)
_918359
902 _aGFM
942 _2lcc
_cB
999 _c7238
_d7238